• 首页
  • 本馆介绍
  • 公告通知
  • 最新文献
  • 馆藏检索
  • 电子资源
  • 读者导购
  • 参考咨询
  • 我的图书馆
  • 登录
  • 详细信息显示
  • 放入我的书架
  • 预约/预借图书
  • 作者相关作品
  • 分类相关作品
  • 丛书相关作品
  • 出版社相关作品

书目信息

  • 表格格式
  • 工作单格式
  • 卡片格式
书名: 19世纪西欧的城市建设
作者: 萨瓦林斯娅著.
分册号:
分册名:
出版地: 莫斯科 :
 
出版社: 建筑出版社
出版时间: 1987.
页数: 188 p. ;
开本: 25cm.
丛书名:
中图分类号:
科图分类号:
其他分类号: TU-091.1:H35
主题词:
电子资源:
000 00474nam 2200181 a 4500
001 E0739692541
005 20070802110929.00
008 070802s1987 00010 eng
020    @cCNY16.33.
040    @aPFT@bchi
041    @achi@hrus
090    @aTU-091.1:H35
099    @dTU-091.1:H35@ex10
245 1  @a19世纪西欧的城市建设 / @c萨瓦林斯娅著.
260    @a莫斯科 :@b建筑出版社,@c1987.
300    @a188 p. ;@c25cm.
500    @a书名中的时代可能不准确,书名不全
650    @a建筑
    
    19世纪西欧的城市建设 / / 萨瓦林斯娅著.-莫斯科 : : 建筑出版社, , 1987.
    188 p. ; ; 25cm.
    书名中的时代可能不准确,书名不全
    
    ISBN CNY16.33.
    
●
相关链接 在E读中查询图书 在五车中查询图书 在当当中查询图书 在豆瓣中查询图书


正题名:19世纪西欧的城市建设     索取号:TU-091.1:H35/x10         预约/预借

序号 登录号 条形码 馆藏地/架位号 状态 备注
1 14999   300149998   第二样本阅览室/ [索取号:TU-091.1:H35/x10] 在馆    
2 15000   300150002   第四借阅区/ [索取号:TU-091.1:H35/x10] 在馆    
3 15001   300150011   第四借阅区/ [索取号:TU-091.1:H35/x10] 在馆    
唐山师范学院图书馆 欢迎您!
大连网信软件有限公司© 版权所有